000 00329nam a22001457a 4500
008 230207b ||||| |||| 00| 0 eng d
020 _a9780072296549
041 _aeng
080 _a51
082 _a51HUT
100 _a20
101 _aMATEM
245 _aELEMENTARY AND INTERMEDIATE ALGEBRA
_cHUTCHISON D
942 _2udc
_cBK
999 _c59322
_d59322